| 000 | 02650nam a22002897a 4500 | ||
|---|---|---|---|
| 008 | 250702b |||||||| |||| 00| 0 eng d | ||
| 020 | _a9788427248427 | ||
| 040 | _ctbs | ||
| 041 | _aspa | ||
| 041 | _heng | ||
| 100 |
_aCollins, Suzanne _925035 _eauthor |
||
| 240 |
_aSunrise on the reaping _lSpanish. |
||
| 245 |
_aAmanecer en la cosecha _b/ Suzanne Collins ; traducción de Pilar Ramírez Tello. |
||
| 260 |
_aBarcelona : _bMolino, _c2025. |
||
| 300 | _a491 pages ; 21 cm. | ||
| 490 | _aThe Hunger Games | ||
| 490 | _aJuegos del hambre | ||
| 520 | _aAmanece el día de los Quincuagésimos Juegos del Hambre y el miedo atenaza a los distritos de Panem. Este año, en honor al Vasallaje de los Veinticinco, se llevarán de sus hogares al doble de tributos. En el Distrito 12, Haymitch Abernathy intenta no pensar demasiado en sus probabilidades. Lo único que le importa es que se acabe el día para poder estar con su chica. Cuando anuncian el nombre de Haymitch, todos sus sueños se rompen en pedazos. Lo separan de su familia y de su amada, y lo envían al Capitolio con los otros tres tributos del Distrito 12: una amiga que es casi como una hermana pequeña para él, un chico obsesionado con analizar apuestas y la chica más estirada de la ciudad. Cuando empiezan los Juegos, Haymitch comprende que en el Capitolio quieren que fracase. Sin embargo, algo dentro de él desea luchar... y que el eco de esa lucha llegue mucho más allá de la mortífera arena. | ||
| 520 | _aThe day of the Fiftieth Hunger Games dawns, and fear grips the districts of Panem. This year, in honor of the Quarter Quell, twice the usual number of tributes will be taken from their homes. In District 12, Haymitch Abernathy tries not to think too much about his odds. The only thing he cares about is getting through the day so he can be with his girl. But when Haymitch’s name is called, all his dreams shatter into pieces. He is torn from his family and the woman he loves, and sent to the Capitol with the other three tributes from District 12: a friend who’s almost like a little sister to him, a boy obsessed with analyzing bets, and the most stuck-up girl in town. When the Games begin, Haymitch realizes the Capitol wants him to fail. But something inside him wants to fight... and make sure the echo of that fight reaches far beyond the deadly arena. | ||
| 650 | 0 |
_aSurvival skills _vFiction _925621 |
|
| 650 | 0 |
_aTelevision programs _vFiction _925622 |
|
| 650 | 0 |
_aInterpersonal relations _vFiction _924021 |
|
| 650 | 0 |
_aContests _vFiction _925623 |
|
| 655 | 0 |
_aDystopian fiction _925624 |
|
| 655 | 0 |
_aScience fiction _922728 |
|
| 942 | _2lcc | ||
| 999 |
_c4807 _d4807 |
||